000 00770cam a2200253 a 4500
001 000019281
005 20200929165954.0
008 831213s1967 sp 001 d spa d
040 _aDO-SdBNP
_bspa
_cLC
_dBNPHU
082 _a862.5
_bB456m, 1967
100 1 _aBenavente, Jacinto,
_d1866-1954
_95362
245 1 3 _aLa malquerida /
_cJacinto Benavente.
250 _a11a ed.
260 _aMadrid :
_bEspasa-Calpe,
_c1967.
300 _a160, [16] p. ;
_c18 cm.
490 1 _aAustral. Violeta: teatro y poesía
_v84
650 4 _aTeatro español
_93071
650 4 _aLiteratura española
_9632
740 3 _aLa noche del sábado
830 0 _aAustral.
_pVioleta: teatro y poesía;
_v84
_939559
910 _aCatalogación derivada / LC
910 _aWM
049 _aBNGR
999 _c18799
_d18799